000 00962nam a2200253 a 4500
001 18391
003 BD-RjUL
005 20211209000258.0
008 140220s19511922enk 000 0 eng d
035 _a(BD-RjUL)18449
035 _a(BD-RjUL)
040 _aANL
_beng
_cANL
_dXNTU
041 _aeng
082 0 4 _a821.7
_220
_bKEK 1951
100 1 _aKeats, John,
_d1795-1821.
_956647
245 1 0 _aKeats poetry & prose /
_cwith essays by Charles Lamb, Leigh Hunt, Robert Bridges & others ; with an introduction and notes by Henry Ellershaw.
260 _aOxford :
_bClarendon Press ;
_aOxford :
_bOxford University Press,
_cc1922.[reprinting 1951]
300 _axvi, 204 p., 1 plate :
_bport. ;
_c19 cm.
490 0 _aThe Clarendon series of English literature
500 _aPublisher's advertisements bound in the back.
600 1 0 _aKeats, John,
_d1795-1821
_xCriticism and interpretation.
_956652
700 1 _aEllershaw, Henry,
_d1863-
_956649
942 _2ddc
_cBK
999 _c18391
_d18391